000 00329nam a22001337a 4500
020 _a978-1-5265-2616-8
082 _a336.206
100 _aOats, Lynne
245 _aPrinciples of International Taxation
250 _a9th
260 _aNew York:
_bBloomsbury Publishing,
_c2023
300 _axliv, 684p.: ill.; 24cm
942 _cBK
999 _c22132
_d22132